000 01037nam a22002537a 4500
005 20240530110456.0
008 150608s2010 ua ad g b 000 0 ara d
017 _a2009/21293
_bمصر . دار الكتب المصرية
020 _a9789774114674
040 _aEG-CaGPL
082 0 4 _221
_a303.38\
_bا ق
100 0 _aالسيد على شتا
245 1 0 _aقياس الاتجاهات الاجتماعية :
_b( نموذج ) التحليل العاملى فى البحوث الاجتماعية /
_cالسيد على شتا
250 _aط1
260 _aالقاهرة :
_bالمكتبة المصرية للنشر و التوزيع ،
_c2010 .
300 _a508 ص :
_bايض ؛
_c24 سم +
_eملاحق .
504 _aيشتمل على ارجاعات ببليوجرافية
650 0 4 _aالاتجاه الاجتماعى
650 0 4 _aالتكيف الاجتماعى
650 0 4 _aالسلوك الاجتماعى
650 0 4 _aالراى العام
942 _2ddc
_cBK
999 _c61368
_d61368